000 00830cam a22002411 4500
001 ne 65001501
003 DLC
005 20260227111815.0
008 880811s1964 ua h b 000 0 arar
010 _ane 65001501
035 _a(OCoLC)18342741
040 _aDLC
_cWaU
_dDLC
042 _apremarc
050 0 0 _aPJ6719
_b.Z8 1964
100 1 _aZubaydi, Muhammad ibn al-Hasan.
245 1 0 _aLaḥn al-ʻawāmm,
_ctaʼlīf Abī Bakr Muḥammad ibn Ḥasan ibn Mudhaḥḥaj al-Zubaydī. Taḥqīq wa-taʻlīq wa-taqdīm Raḍān ʻAbd al-Tawwāb.
250 _aal-Ṭabʻah 1.
260 _a[al-Qāhirah,
_bMaktabat Dār al-ʻUrūbah]
_c1964.
300 _a383 p.
_bfacsims.
_c24 cm.
440 0 _aSilsilat kutub laḥn al-ʻāmmah ;
_vraqm 1
504 _aBibliography: p. 365-[377]
650 0 _aArabic language
_xDialects.
999 _c48277
_d48277